00614nam a22001697a 450000500170000001000130001702000140003003500110004403700130005508200080006810000440007624501170012024600810023726000430031827000600036130000230042120210901121434.0 aUR-11185 c500.00a- aU-9740 bDBAD/PUB a270 aمحمد يو سف لد ھيا نو ی  a شيعہ سنی ا ختلا فا ت ا و ر صر ا ط مستقيمcمحمد يو سف لد ھيا نو ی  aShia Sunni Ikhtlafat Aur Syrat-e-Mustaqeem (Urdu)bby Mohd. Yusuf Ludhianvi aDeoband cN.A. ءbMaktaba Darul Uloom aMaktaba Darul Uloom Deoband,bUttar pardeshe247554l- a568 ص c22 Cm(Hb)